[Event "World ol U16"]
[White "Gikandi, Bernice Wambui"]
[Black "Fan, Wen Xi"]
[Site "Eindhoven"]
[Round "6.27"]
[Result "1/2-1/2"]
[Date "2023.08.16"]
[WhiteElo "1179"]
[BlackElo "1163"]
[PlyCount "72"]
[EventDate "2023.08.13"]
[EventType "team-swiss"]
[EventRounds "9"]
[EventCountry "NED"]
[SourceTitle "CBM 215 Extra"]
[Source "ChessBase"]
[SourceDate "2023.09.30"]
[SourceVersion "1"]
[SourceVersionDate "2023.09.30"]
[SourceQuality "1"]
[WhiteTeam "Kenya"]
[BlackTeam "Hong Kong"]
[WhiteTeamCountry "KEN"]
[BlackTeamCountry "HKG"]

1. d4 d5 2. c4 e6 3. Nf3 f5 4. Nc3 c6 5. Bg5 Nf6 6. e3 Be7 7. Bd3 0-0 8. 0-0 Ne4 9. Bxe7 Qxe7 10. Rc1 Nd7 11. Qc2 g6 12. cxd5 exd5 13. Rfe1 Qd6 14. Qb3 Kh8 15. Qc2 Rb8 16. Nd2 Ndf6 17. f3 Nxd2 18. Qxd2 Be6 19. Bc2 Rfe8 20. e4 fxe4 21. fxe4 dxe4 22. Nxe4 Nxe4 23. Rxe4 Bd5 24. Re2 Bf7 25. Rf2 Re7 26. Rcf1 Kg7 27. Qc3 Bd5 28. Bb3 Rbe8 29. Bxd5 Qxd5 30. b3 Re2 31. Qb4 Rxf2 32. Rxf2 Kg8 33. Qc4 Qxc4 34. bxc4 Re1+ 35. Rf1 Re2 36. Rf2 Re1+ 1/2-1/2

[Event "World ol U16"]
[White "Fan, Wen Xi"]
[Black "Matshego, Thato"]
[Site "Eindhoven"]
[Round "3.29"]
[Result "0-1"]
[Date "2023.08.14"]
[WhiteElo "1163"]
[BlackElo "1150"]
[PlyCount "110"]
[EventDate "2023.08.13"]
[EventType "team-swiss"]
[EventRounds "9"]
[EventCountry "NED"]
[SourceTitle "CBM 215 Extra"]
[Source "ChessBase"]
[SourceDate "2023.09.30"]
[SourceVersion "1"]
[SourceVersionDate "2023.09.30"]
[SourceQuality "1"]
[WhiteTeam "Hong Kong"]
[BlackTeam "South Africa II"]
[WhiteTeamCountry "HKG"]
[BlackTeamCountry "RSA"]

1. e4 d5 2. exd5 Qxd5 3. Nc3 Qd8 4. d4 Nf6 5. Nf3 Bg4 6. Be2 e6 7. 0-0 Bxf3 8. Bxf3 c6 9. Re1 Bd6 10. Bg5 Nbd7 11. d5 cxd5 12. Nxd5 0-0 13. Nxf6+ Nxf6 14. Bxf6 gxf6 15. Rb1 Qc7 16. h3 Rad8 17. Qe2 Kh8 18. Red1 Rg8 19. Kh1 Qb6 20. Kg1 Bc5 21. c3 Bd6 22. a3 Qc7 23. Kh1 b6 24. Rd3 Qc4 25. Rbd1 Qf4 26. g3 Qh6 27. Bg2 Bc7 28. Rd7 Rxd7 29. Rxd7 Qc1+ 30. Kh2 Bb8 31. Rxf7 Qg5 32. Qf3 f5 33. Qe2 f4 34. Qc2 fxg3+ 35. Kh1 Qh6 36. fxg3 Rxg3 37. Qf2 Rg8 38. Qf6+ Qxf6 39. Rxf6 Re8 40. Be4 Kg7 41. Rf3 h6 42. Kg2 Rd8 43. Rf2 Rg8 44. Kf1 Rd8 45. Ke2 Be5 46. Bd3 Rd7 47. Rf3 Bf6 48. Rg3+ Kf7 49. Rf3 h5 50. Rg3 h4 51. Rf3 Rd5 52. Re3 Rg5 53. Bc4 Be5 54. Kd3 Rg3 55. Ke4 Kf6 0-1

[Event "Eastern Asia-ch U12 Girls 7th"]
[White "Zhang, Bohan1"]
[Black "Fan, Wen Xi"]
[Site "Hainan"]
[Round "8"]
[Result "1-0"]
[Date "2023.08.09"]
[WhiteElo "1505"]
[BlackElo "1163"]
[PlyCount "123"]
[EventDate "2023.08.04"]
[EventType "swiss"]
[EventRounds "9"]
[EventCountry "CHN"]
[SourceTitle "EXT 2024"]
[Source "ChessBase"]
[SourceDate "2023.10.10"]
[SourceVersion "1"]
[SourceVersionDate "2023.10.10"]
[SourceQuality "1"]

1. d4 d5 2. c4 e6 3. Nc3 f5 4. g3 c6 5. cxd5 exd5 6. Bf4 Nf6 7. Nf3 Bd6 8. Bxd6 Qxd6 9. e3 0-0 10. Bd3 Ne4 11. 0-0 Be6 12. Qc2 Nd7 13. Rac1 Rac8 14. a3 Bf7 15. Nh4 g6 16. Nf3 Rfe8 17. Rfd1 Kg7 18. Qa4 a6 19. Qc2 Nxc3 20. Qxc3 Kg8 21. Nd2 Rc7 22. Nb3 Rec8 23. Nc5 Nxc5 24. Qxc5 Qxc5 25. Rxc5 Kg7 26. Rdc1 Kf6 27. b4 Ke7 28. a4 Kd6 29. h3 h5 30. Kg2 Be6 31. Rb1 Ke7 32. Ra5 Rd8 33. b5 axb5 34. axb5 cxb5 35. Rbxb5 Bd7 36. Rb6 Bc6 37. Kf3 Rd6 38. Ra7 Rcd7 39. Kf4 Kf6 40. h4 Re6 41. Bb5 Bxb5 42. Rxb5 Re4+ 43. Kf3 Re6 44. Rbxb7 Rxb7 45. Rxb7 Re7 46. Rxe7 Kxe7 47. Kf4 Kf6 48. f3 Ke6 49. e4 dxe4 50. fxe4 fxe4 51. Kxe4 Kd6 52. d5 Kd7 53. Ke5 Ke7 54. d6+ Kd7 55. Kd5 Kd8 56. Ke6 Ke8 57. d7+ Kd8 58. Kd6 g5 59. hxg5 h4 60. g6 h3 61. g7 h2 62. g8Q# 1-0

[Event "Eastern Asia-ch U12 Girls 7th"]
[White "Tong, Yiyi"]
[Black "Fan, Wen Xi"]
[Site "Hainan"]
[Round "6"]
[Result "1/2-1/2"]
[Date "2023.08.08"]
[WhiteElo "1276"]
[BlackElo "1163"]
[PlyCount "76"]
[EventDate "2023.08.04"]
[EventType "swiss"]
[EventRounds "9"]
[EventCountry "CHN"]
[SourceTitle "EXT 2024"]
[Source "ChessBase"]
[SourceDate "2023.10.10"]
[SourceVersion "1"]
[SourceVersionDate "2023.10.10"]
[SourceQuality "1"]

1. d4 d5 2. c4 e6 3. Nc3 f5 4. cxd5 exd5 5. Bf4 c6 6. e3 Nf6 7. Bd3 Bd6 8. Bxd6 Qxd6 9. f3 0-0 10. Nge2 Qe7 11. Qd2 Re8 12. Kf2 Be6 13. Nf4 Nbd7 14. Qc2 g6 15. Rhe1 Bf7 16. Kg1 Qd6 17. Nh3 Re7 18. Ng5 Rae8 19. Nxf7 Kxf7 20. Qf2 Kg7 21. Re2 a6 22. Rae1 h6 23. Qg3 Qxg3 24. hxg3 Kf7 25. e4 fxe4 26. fxe4 dxe4 27. Nxe4 Nxe4 28. Bxe4 Kg7 29. Kf2 Nf6 30. Bf3 Rxe2+ 31. Rxe2 Rxe2+ 32. Kxe2 Kf7 33. Kd3 Ke6 34. Kc4 Kd6 35. g4 g5 36. b4 b5+ 37. Kd3 Nd5 38. Bxd5 cxd5 1/2-1/2

[Event "Eastern Asia-ch U12 Girls 7th"]
[White "Oyuntugs, Altankhuyag"]
[Black "Fan, Wen Xi"]
[Site "Hainan"]
[Round "1"]
[Result "1/2-1/2"]
[Date "2023.08.04"]
[WhiteElo "1543"]
[BlackElo "1163"]
[PlyCount "161"]
[EventDate "2023.08.04"]
[EventType "swiss"]
[EventRounds "9"]
[EventCountry "CHN"]
[SourceTitle "EXT 2024"]
[Source "ChessBase"]
[SourceDate "2023.10.10"]
[SourceVersion "1"]
[SourceVersionDate "2023.10.10"]
[SourceQuality "1"]

1. e4 c5 2. Nf3 a6 3. Nc3 d6 4. d4 Bg4 5. Be3 cxd4 6. Bxd4 Nc6 7. Be3 Nf6 8. Be2 e6 9. 0-0 Be7 10. Nd4 Nxd4 11. Bxd4 Bxe2 12. Qxe2 e5 13. Be3 0-0 14. Rad1 Qc7 15. Bg5 h6 16. Bxf6 Bxf6 17. Nd5 Qd8 18. Rd3 Rc8 19. Rfd1 Rc6 20. c3 Re8 21. Ne3 g6 22. Rd5 Re6 23. Nc4 Qc7 24. Ne3 Kg7 25. Qd3 Be7 26. Kh1 Kh7 27. Ng4 h5 28. Ne3 Bg5 29. Nc2 a5 30. Na3 Be7 31. Nb5 Qb6 32. f3 Kg7 33. c4 Kh7 34. b3 Rf6 35. Qd2 Qa6 36. Qf2 b6 37. Qd2 Qb7 38. Qe1 Kg7 39. R1d3 Qb8 40. Qc3 Kh7 41. b4 axb4 42. Qxb4 Kg7 43. Ra3 Qc8 44. Rc3 Qb8 45. h3 Bf8 46. a4 Re6 47. a5 bxa5 48. Qxa5 Re8 49. Qb4 Rec8 50. Rd1 d5 51. Qa5 Rxc4 52. Rxc4 dxc4 53. Rb1 Rc5 54. Qa4 Qc8 55. Nc3 Rc6 56. Qa7 Bc5 57. Qa4 Bd4 58. Qc2 Bxc3 59. Qxc3 f6 60. Rb4 Rc7 61. Ra4 Kh6 62. Qe3+ g5 63. Qc3 Kg6 64. Kh2 Rc6 65. Kh1 Rc5 66. Kh2 Qc6 67. Rb4 Qc7 68. Ra4 Rc6 69. Kh1 Rc5 70. Kh2 h4 71. Kh1 Qc6 72. Rb4 f5 73. exf5+ Kxf5 74. Qc2+ Kf6 75. Qc3 Qd5 76. Rb6+ Kf5 77. Qc1 Qd3 78. Qa1 Qd4 79. Qb1+ Qd3 80. Qb4 Qd4 81. Qb1+ 1/2-1/2